000 01217cam a2200325 a 4500
001 3966167
003 ARRUPE
005 20131023123858.0
008 940425s1993 ie b 000 0 eng d
010 _a 94132150
020 _a1856070875
035 _a(OCoLC)29637145
040 _aUk
_cUk
_dDLC
042 _alccopycat
050 0 0 _aBT98
_b.C49 1993
100 _aByrne, James M
_92745
245 0 4 _aThe Christian understanding of God today :
_btheological colloquium on the occasion of the 400th anniversary of the foundation of Trinity College, Dublin /
_cedited by James M. Byrne.
260 _aDublin :
_bColumba Press,
_c1993.
300 _a174 p. ;
_c22 cm.
490 1 _aStudies in theology / Trinity College, Dublin
504 _aIncludes bibliographical references.
650 0 _aGod (Christianity)
_xHistory of doctrines.
_92746
650 0 _aGod
_xBiblical teaching.
_92747
700 1 _aByrne, James M.
_92748
710 2 _aTrinity College (Dublin, Ireland)
_92749
830 0 _aStudies in theology (Dublin, Ireland)
_92750
906 _a7
_bcbc
_ccopycat
_d3
_encip
_f19
_gy-gencatlg
942 _2lcc
_cMONOGRAPH
999 _c118400
_d118400